000 00619nam a22002297a 4500
003 UA-OsUOA
001 84704
007 ta
008 20120607b un ||||| |||| 00| 0 ukr d
100 _aФилипчак І.
090 _a821.161.2
_bФ53
942 _cBK
040 _aUA-OsUOA
_bukr
_cUA-OsUOA
_dUA-OsUOA
245 _aДмитро Детько
_bісторична повість
300 _a124 с.
955 _a2
041 _aukr
080 _a821.161.2
260 _aБуенос-айрес
_c1985
650 7 _a82 Література. Літературознавство
_2UDC
999 _c371023
_d371023